|
|
|
|
| LEADER |
02853nam a2200385 a 4500 |
| 001 |
12754456 |
| 003 |
BD-DhAAL |
| 005 |
20260513175527.0 |
| 008 |
080926s2003 maua b 001 0 eng d |
| 010 |
|
|
|a \\2002070890
|
| 020 |
|
|
|a 0072424346 (acid-free paper)
|
| 040 |
|
|
|a DLC
|c DLC
|d DLC
|d BD-DhAAL
|
| 082 |
0 |
0 |
|a 511
|2 21
|
| 100 |
1 |
|
|a Rosen, Kenneth H.
|
| 245 |
1 |
0 |
|a Discrete mathematics and its applications /
|c Kenneth H. Rosen.
|
| 250 |
|
|
|a Fifth edition.
|
| 260 |
|
|
|a Boston :
|b McGraw-Hill,
|c c2003.
|
| 300 |
|
|
|a xxi, 723 pages :
|b ill. (some col.) ;
|c 24 cm.
|
| 504 |
|
|
|a Includes bibliographic references (p. 1-8, 4th set) and indexes.
|
| 541 |
1 |
|
|e 00013481
|
| 650 |
|
0 |
|a Mathematics.
|
| 650 |
|
0 |
|a Computer science
|x Mathematics.
|
| 852 |
4 |
|
|a Ayesha Abed Library
|j General shelf
|
| 942 |
0 |
0 |
|0 5
|2 ddc
|c BK
|
| 999 |
|
|
|c 3556
|d 3556
|
| 952 |
|
|
|0 0
|1 0
|2 ddc
|4 0
|6 511_000000000000000_ROS
|7 0
|9 3228
|a BRACUL
|b BRACUL
|c GEN
|d 2009-09-02
|g 1546.90
|l 38
|m 274
|o 511 ROS
|p 3010013481
|r 2024-12-23
|s 2024-11-23
|t 1
|w 2009-09-02
|y BK
|
| 952 |
|
|
|0 0
|1 0
|2 ddc
|4 0
|6 511_000000000000000_ROS
|7 0
|9 10254
|a BRACUL
|b BRACUL
|c GEN
|d 2010-05-17
|g 1546.90
|l 46
|m 371
|o 511 ROS
|p 3010013482
|q 2026-02-23
|r 2026-01-31
|s 2026-01-31
|t 2
|w 2010-05-17
|y BK
|
| 952 |
|
|
|0 0
|1 0
|2 ddc
|4 0
|6 511_ROS_200300000000000
|7 0
|9 10478
|a BRACUL
|b BRACUL
|c GEN
|d 2010-05-25
|l 34
|m 301
|o 511 ROS
|p 3010015421
|r 2025-01-14
|s 2024-05-29
|t 3
|w 2010-05-25
|y BK
|
| 952 |
|
|
|0 0
|1 0
|2 ddc
|4 0
|6 511_ROS_200300000000000
|7 0
|9 10521
|a BRACUL
|b BRACUL
|c GEN
|d 2010-05-25
|l 36
|m 256
|o 511 ROS
|p 3010015457
|r 2025-03-23
|s 2025-03-19
|t 4
|w 2010-05-25
|y BK
|
| 952 |
|
|
|0 0
|1 0
|2 ddc
|4 0
|6 511_000000000000000_ROS
|7 0
|9 10613
|a BRACUL
|b BRACUL
|c GEN
|d 2010-06-01
|g 1546.90
|l 45
|m 368
|o 511 ROS
|p 3010013479
|r 2025-07-05
|s 2025-06-29
|t 5
|w 2010-06-01
|y BK
|
| 952 |
|
|
|0 0
|1 1
|2 ddc
|4 0
|6 511_000000000000000_ROS
|7 0
|9 10661
|a BRACUL
|b BRACUL
|c GEN
|d 2010-06-03
|g 650.00
|l 15
|m 111
|o 511 ROS
|p 3010015460
|r 2016-05-31
|s 2015-09-17
|t 6
|w 2010-06-03
|y BK
|x Lost and cost paid BDT-1300.00 (ID-14301131), receipt no. 15906
|
| 952 |
|
|
|0 0
|1 3
|2 ddc
|4 0
|6 511_000000000000000_ROS
|7 0
|9 11571
|a BRACUL
|b BRACUL
|c GEN
|d 2010-07-06
|g 650.00
|l 29
|m 263
|o 511 ROS
|p 3010015458
|q 2022-09-26
|r 2020-02-06
|s 2020-02-06
|t 7
|w 2010-07-06
|y BK
|x Lost and cost paid by the borrower BDT 3425/- (Barcode: 3010015458 - Tk. 1300 and 3010009499 - Tk. 2125/-; Money Receipt No. 57033; Date: 27/07/2023)
|
| 952 |
|
|
|0 0
|1 0
|2 ddc
|4 0
|6 511_ROS_200300000000000
|7 0
|9 11572
|a BRACUL
|b BRACUL
|c GEN
|d 2010-07-06
|l 34
|m 266
|o 511 ROS
|p 3010015459
|r 2026-01-15
|s 2025-10-16
|t 8
|w 2010-07-06
|y BK
|
| 952 |
|
|
|0 0
|1 0
|2 ddc
|4 0
|6 511_000000000000000_ROS
|7 0
|9 11792
|a BRACUL
|b BRACUL
|c GEN
|d 2010-08-30
|g 1546.90
|l 28
|m 291
|o 511 ROS
|p 3010013480
|q 2025-02-06
|r 2019-05-26
|s 2019-05-26
|t 9
|w 2010-08-30
|y BK
|
| 952 |
|
|
|0 0
|1 0
|2 ddc
|4 0
|6 511_000000000000000_ROS
|7 0
|9 12671
|a BRACUL
|b BRACUL
|c GEN
|d 2010-10-24
|g 1546.90
|l 41
|m 314
|o 511 ROS
|p 3010013483
|q 2025-10-08
|r 2024-02-12
|s 2024-02-12
|t 10
|w 2010-10-24
|y BK
|